Music Quiz

Random Music or Artist Quiz
Score 0/30 Timer 07:00
1 Play Today
% Correct
Eric Clapton
94.7%
Jimi Hendrix
92.4%
Slash
81.7%
Carlos Santana
78.8%
B.B. King
76.5%
Jimmy Page
75.5%
Prince
73.8%
George Harrison
68.6%
Chuck Berry
67.6%
Angus Young
67.2%
Brian May
66.2%
Joan Jett
63.5%
Eddie Van Halen
61.4%
Keith Richards
58%
Pete Townshend
57.6%
% Correct
Jerry Garcia
53%
Tom Morello
49.4%
Mark Knopfler
47.9%
Stevie Ray Vaughan
45.4%
Johnny Ramone
44.3%
Neil Young
43.9%
Duane Allman
39.3%
Kirk Hammett
38.9%
Tony Iommi
32.5%
Jeff Beck
31.2%
Joe Walsh
28.8%
Randy Rhoads
27.3%
Joe Perry
24.9%
Bo Diddley
24.9%
Ritchie Blackmore
16.5%
Remove Ads.
Support Sporcle.
Get the best of Sporcle when you Go Orange. This ad-free experience offers more features, more stats, and more fun while also helping to support Sporcle. Thank you for becoming a member.

You're not logged in!

Compare scores with friends on all Sporcle quizzes.
OR
Log In

Show Comments

Extras

Top Quizzes Today


Score Distribution

Your Account Isn't Verified!

In order to create a playlist on Sporcle, you need to verify the email address you used during registration. Go to your Sporcle Settings to finish the process.

Report this User

Report this user for behavior that violates our Community Guidelines.

Details: